| 000 | 01275nam a2200241Ii 4500 | ||
|---|---|---|---|
| 003 | JO-AjNU | ||
| 005 | 20240630104703.0 | ||
| 008 | 230605s9999||||xx |||||||||||||| ||und|| | ||
| 040 |
_aJO-AjNU _bara _erda _cJO-AjNU |
||
| 041 | _aara | ||
| 050 | 1 | 4 | _aQA13.5 2007 |
| 100 | 1 |
_aالابرط، محمد عبدالله صالح _eمعد _965936 |
|
| 245 | 0 | 0 |
_aمعيقات تعلم الرياضيات للمرحلة الثانوية في مدينة ذمار باليمن كما يراها الطلبة=The Obstacles of Learning Mathematics in the Secondary Schools of Thamar city in Yemen from students Perspectives / _cاعداد محمد عبدالله صالح الابرط |
| 264 | 3 | 1 | _a2007 |
| 300 | _a85 ورقة | ||
| 336 |
_atext _btxt _2rdacontent |
||
| 337 |
_aunmediated _bn _2rdamedia |
||
| 338 |
_avolume _bnc _2rdacarrier |
||
| 500 | _aرسالة جامعية( ماجستير في مناهج الرياضيات واساليب التدريس)--جامعة ال البيت، كلية العلوم التربوية(المفرق)، 2007 يشتمل على جداول توضيحية | ||
| 650 | 4 |
_aالرياضيات - تعليم وتعليم - المرحلة الثانوية _957600 |
|
| 700 | 1 |
_aالقضاة، أحمد حسن _962613 _eمشرف |
|
| 942 |
_2lcc _cTHS |
||
| 999 |
_c29390 _d29390 |
||